Which Country is Bigger? - Hard - Statistics

General Stats
  • This quiz has been taken 31 times
  • The average score is 7 of 15
Answer Stats
Question Answer % Correct
Which is bigger? Republic of the Congo
75%
Which is bigger? Burkina Faso
71%
Which is bigger? The Gambia
71%
Which is bigger? Kenya
63%
Which is bigger? Burundi
58%
Which is bigger? North Korea
54%
Which is bigger? Solomon Islands
46%
Which is bigger? Central African Republic
42%
Which is bigger? Greece
42%
Which is bigger? South Sudan
42%
Which is bigger? Malawi
38%
Which is bigger? Ghana
33%
Which is bigger? Suriname
33%
Which is bigger? Benin
21%
Which is bigger? Ivory Coast
13%
No matching quizzes found
Score Distribution
Percent of People with Each Score
Percentile by Number Answered
Your Score History
You have not taken this quiz